000
00294nam a2200121Ia 4500
005
20251222143116.0
008
251222s9999||||xx |||||||||||||| ||spa||
082
_a
283.2/A77
100
_a
Arrupe, Pedro
245
0
_a
El Riesgo de la Experiencia Religiosa
264
_b
Citadella
942
_c
LIB
999
_c
11360
_d
11360